000 00255nam a22001217a 4500
008 170622b xxu||||| |||| 00| 0 eng d
041 _aeng
080 _a94
100 _a16
101 _aSHH
245 _aTIME ON THE CROSS
_cFOGEL,R.W
942 _2udc
_cBK
999 _c18632
_d18632